000 01340nam a2200313Ia 4500
999 _c19994
_d19994
001 21222
003 DO-CoUTE
005 20260204212524.0
008 220102s9999 dr 000 0 spa d
040 _aDO-CoUTE
_bspa
_cDO-CoUTE
041 0 _aspa
090 _aM-BA 2021 S81
100 1 _aSuarez Basora, Glori
_esustentante
245 1 0 _aUso de plataformas digitales en el área de legua española en el primer ciclo del nivel básico / Glori Suárez Basora, Gloria Suárez Basora, Domingo Mayí Vásquez y otros cuatro ; asesor María Eufemia Fernández
260 _aRepública Dominicana :
_bUTECO,
_c2021
300 _a67 hojas :
_bIlustraciones ;
_c28cm.
502 _aMonografía (Educación Básica)--Universidad Tecnológica del Cibao Oriental, 2021
504 _aIncluye referencia bibliográfica e índice
650 4 _aPlataformas digitales
700 1 _aMatos Mota Grismaldy, Altagracia
_esustentante
700 1 _aPeña Sandoval Niurka Maria
_esustentante
700 1 _aSánchez Guerrero,Johanny
_esustentante
700 1 _aSantos Portorreal
_esustentante
700 1 _aFernández, María Eufemia
_easesor
830 0 _aTesis y disertaciones académicas (Universidad Tecnológica del Cibao Oriental)
942 _2LC
_cTH